000 00433nam a2200157 i 4500
001 21634
003 ES-MaACL
005 20230906152522.0
007 t|
008 021126s1948 sp ||||1| spa d
100 1 _aAlcázar, Federico M.
_919527
245 1 0 _aEspíritu español /
_cFederico M. Alcázar.
260 _aMadrid :
_bBoris Bureba,
_c[1948] (
_fSèz)
300 _a354 p. ;
_c20 cm.
852 _aES-MaACL
_jC-5585
_bR.26158
999 _c21634
_d21634